01113nab a22002417a 4500999001500000003000400015005001700019008004100036040000700077100002900084245013700113260007200250300001400322500005000336505013000386505008900516650002600605650003000631650003100661650002800692773013800720942001300858 c6015d6015OSt20260116181400.0190605e xxu||||| |||| 00| 0 spa d cPJ 94574aGabet, Emiliano A.13aEl silencio del trabajador. Límites a su interpretación como aceptación de modificaciones contractuales /cEmiliano A. Gabet.  aCiudad Autónoma de Buenos Aires :bThomson Reuters La Ley,c2025. ap. 98-103 aCita Online: Cita: TR LALEY AR/DOC/852/2025. aFallo comentado: CNTrab., sala II ~ 17/02/2025 ~ Leguizamón, Hernán Luis c. Etchegoyen y cía. S.R.L. y otro s/ despido. t¿Te interesa el texto completo? Solicitalo al correo: koha@justierradelfuego.gov.ar 091316aDERECHO LABORAL 091323aCONTRATO DE TRABAJO 0aRELACIONES LABORALES91803 0aDESPIDO INDIRECTO915300 0271193168dCiudad Autónoma de Buenos Aires : Thomson Reuters La Ley, 1999-2002.tRevista de derecho del trabajo. Nº 3 - Mayo 2025 2udccANA